000 00846nam a22003017a 4500
001 BR2023000710
003 BR-BrBNA
005 20230628110149.0
008 230615b bl.||||| |||| 00| 0 por d
040 _aBR-BrBNA
_bpor
041 _apor
072 _aN20 ; F07
_b4510
090 _a4510 BR2023000710
110 _aMarchesan Implementos e Máquinas Agrícolas Tatu S.A., Matão, SP (Brazil)
245 _aManual de instruções: grade niveladora leve
260 _aMatão, SP (Brazil)
_c[nd]
300 _a20 p.
500 _aPublished after 1981;19 illus.; 3 tables
650 _aMÁQUINA AGRÍCOLA
650 _aIMPLEMENTO AGRÍCOLA
650 _aGRADE
650 _aNIVELADORA
650 _aNIVELAMENTO DA TERRA
650 _aMANEJO DO SOLO
650 _aCULTIVO DO SOLO
909 _a202306
_bFernando
942 _cBK
999 _c9387
_d9387